000 005860000a22001810004500
003 MACL
005 20160331120820.0
008 160331b xxu||||| |||| 00| 0 eng d
040 _aMACL
_cMACL
041 _aHindi
082 _a200
100 _aवेदवाचस्‍पति विधामार्तंड प्रियव्रत
_949144
245 _aसमाज का कायाकल्‍प
260 _aनई दिल्‍ली
_bकिरण प्रकाशन
_c2012
350 _a275
650 _aधर्म
_949145
942 _cHIN
_k200
_2ddc
999 _c48387
_d48387